[Event "CFriend AR-2004-Q-00001 email"]
[Site "Chessfriend.com"]
[Date "2004.12.27"]
[Round "?"]
[White "Morgado, Juan Sebastian"]
[Black "Galuschka, Christian"]
[Result "1-0"]
[WhiteElo "2627"]
[BlackElo "1980"]
[PlyCount "45"]
[EventDate "2004.??.??"]
[EventType "tourn (corr)"]
[EventRounds "12"]
[EventCountry "GER"]
[SourceTitle "Corr 2008"]
[Source "ChessBase"]
[SourceDate "2008.06.24"]
[SourceVersion "1"]
[SourceVersionDate "2008.06.24"]
[SourceQuality "1"]

1. e4 e5 2. Nf3 Nc6 3. Bb5 a6 4. Ba4 Nf6 5. 0-0 b5 6. Bb3 Bb7 7. c3 Nxe4 8. d4 Na5 9. Bc2 exd4 10. Nxd4 c5 11. Nf5 Qf6 12. Nd2 Qxf5 13. Bxe4 Bxe4 14. Nxe4 d5 15. Ng3 Qd7 16. a4 bxa4 17. Rxa4 Nc6 18. Nh5 f6 19. Re1+ Ne7 20. Ra5 Qc6 21. b4 cxb4 22. Rxd5 Kf7 23. Rd4 1-0

[Event "CFriend AC-2003-S-00003 email"]
[Site "Chessfriend.com"]
[Date "2004.12.01"]
[Round "1"]
[White "Nikel, Bogdan"]
[Black "Morgado, Juan Sebastian"]
[Result "1/2-1/2"]
[WhiteElo "2289"]
[BlackElo "2563"]
[PlyCount "50"]
[EventDate "2004.??.??"]
[EventType "tourn (corr)"]
[EventRounds "6"]
[SourceTitle "Corr 2024"]
[Source "ChessBase"]
[SourceDate "2023.10.19"]
[SourceVersion "1"]
[SourceVersionDate "2023.10.19"]
[SourceQuality "1"]

1. d4 Nf6 2. c4 g6 3. Nc3 Bg7 4. e4 d6 5. Nf3 0-0 6. Be2 e5 7. dxe5 dxe5 8. Qxd8 Rxd8 9. Bg5 c6 10. Nxe5 Re8 11. 0-0-0 Na6 12. Rd6 Be6 13. f4 Nc5 14. Bf3 Nfxe4 15. Nxe4 Nxe4 16. Bxe4 f6 17. Bxf6 Bxf6 18. b3 a5 19. Re1 a4 20. Kb2 axb3 21. axb3 Be7 22. Rd3 Kg7 23. g3 Bb4 24. Red1 Bh3 25. Rd4 g5 1/2-1/2

[Event "Salto 1st"]
[Site "Salto"]
[Date "2004.08.05"]
[Round "8"]
[White "Larrea, Manuel"]
[Black "Morgado, Juan Sebastian"]
[Result "1-0"]
[WhiteElo "2224"]
[BlackElo "2247"]
[PlyCount "57"]
[EventDate "2004.08.01"]
[EventType "tourn"]
[EventRounds "9"]
[EventCountry "URU"]
[SourceTitle "CBM 101 Extra"]
[Source "ChessBase"]
[SourceDate "2004.09.01"]
[SourceVersion "2"]
[SourceVersionDate "2004.09.01"]
[SourceQuality "1"]

1. e4 c6 2. d4 d5 3. e5 Bf5 4. Nf3 e6 5. Be2 c5 6. Be3 Nd7 7. c4 Ne7 8. 0-0 dxc4 9. Na3 Nd5 10. Nxc4 b5 11. Bg5 f6 12. exf6 gxf6 13. Ne3 fxg5 14. Nxf5 exf5 15. dxc5 Nc7 16. Nxg5 Bxc5 17. Bh5+ Kf8 18. Nf7 Qe7 19. Re1 Rg8 20. Rxe7 Kxe7 21. Qe2+ Ne6 22. Re1 Ndf8 23. Qxb5 Kf6 24. b4 Bb6 25. Qe5+ Ke7 26. Nh6 Rg5 27. Nxf5+ Rxf5 28. Qxf5 Bd4 29. Bf7 1-0

[Event "Salto 1st"]
[Site "Salto"]
[Date "2004.08.03"]
[Round "5"]
[White "Morgado, Juan Sebastian"]
[Black "Maiztegui Casas, Lincoln R"]
[Result "1-0"]
[WhiteElo "2247"]
[BlackElo "2200"]
[PlyCount "92"]
[EventDate "2004.08.01"]
[EventType "tourn"]
[EventRounds "9"]
[EventCountry "URU"]
[SourceTitle "CBM 101 Extra"]
[Source "ChessBase"]
[SourceDate "2004.09.01"]
[SourceVersion "2"]
[SourceVersionDate "2004.09.01"]
[SourceQuality "1"]

1. e4 Nc6 2. d4 e5 3. dxe5 Nxe5 4. Nc3 Bc5 5. Bf4 Ng6 6. Bg3 d6 7. Bc4 Nf6 8. Qd2 0-0 9. 0-0-0 Re8 10. f3 Bd7 11. Nge2 Qb8 12. Nd5 b5 13. Nxf6+ gxf6 14. Bd5 Qb6 15. Kb1 Be3 16. Qd3 Rab8 17. Nd4 Bh6 18. Ne2 a5 19. Qd4 c6 20. Bb3 a4 21. Qxd6 Rb7 22. Qxf6 axb3 23. cxb3 Bg7 24. Qd6 f5 25. Nc3 Be6 26. Qd3 f4 27. Be1 Ne5 28. Qc2 c5 29. Bf2 Qc6 30. Nd5 c4 31. b4 Rd7 32. Nxf4 Bf7 33. Rxd7 Qxd7 34. Rd1 Qc7 35. Nd5 Bxd5 36. Rxd5 Nc6 37. a3 Qxh2 38. Bc5 Ne5 39. Bd4 Rb8 40. Qd2 Nxf3 41. Qf2 Nxd4 42. Rd7 Rf8 43. Rxg7+ Kxg7 44. Qxd4+ Rf6 45. Qd7+ Rf7 46. Qg4+ Kh6 1-0

[Event "CFriend AR-2003-F-00001 email"]
[Site "Chessfriend.com"]
[Date "2004.05.07"]
[Round "1"]
[White "Haeusler, Werner"]
[Black "Morgado, Juan Sebastian"]
[Result "1/2-1/2"]
[WhiteElo "2460"]
[BlackElo "2596"]
[PlyCount "107"]
[EventDate "2004.??.??"]
[EventType "tourn (corr)"]
[EventRounds "12"]
[SourceTitle "Corr 2008"]
[Source "ChessBase"]
[SourceDate "2008.06.24"]
[SourceVersion "1"]
[SourceVersionDate "2008.06.24"]
[SourceQuality "1"]

1. e4 e5 2. Nf3 Nc6 3. Bb5 a6 4. Ba4 Nf6 5. 0-0 Be7 6. Re1 b5 7. Bb3 d6 8. c3 0-0 9. h3 Nb8 10. d4 Nbd7 11. Nbd2 Bb7 12. Bc2 Re8 13. Nf1 Bf8 14. Ng3 g6 15. a4 c5 16. d5 c4 17. Bg5 h6 18. Be3 Nc5 19. Qd2 h5 20. Bg5 Be7 21. Ra3 Nfd7 22. Be3 Qc7 23. Ng5 Bf8 24. Qe2 Nf6 25. Rea1 Bg7 26. Nf3 Reb8 27. Nd2 Nfd7 28. Qd1 Nb6 29. axb5 axb5 30. Rxa8 Rxa8 31. Rxa8+ Bxa8 32. Ne2 Bb7 33. Qb1 Bc8 34. Ng3 Bd7 35. Nf3 Nba4 36. Qa1 Qb8 37. Qa3 Qf8 38. Qb4 f6 39. Nd2 Kh7 40. Bxa4 Nxa4 41. b3 cxb3 42. Qxb3 h4 43. Ngf1 f5 44. Bg5 Nc5 45. Qb4 Bf6 46. Bxf6 Qxf6 47. exf5 gxf5 48. c4 Nd3 49. Qa3 e4 50. Qa7 Qg7 51. Qe3 Qe5 52. Qa7 Qg7 53. Qe3 Qe5 54. Qa7 1/2-1/2

[Event "CFriend AR-2003-Q-00001 email"]
[Site "Chessfriend.com"]
[Date "2003.12.03"]
[Round "1"]
[White "Morgado, Juan Sebastian"]
[Black "Savchak, Oleg"]
[Result "1/2-1/2"]
[WhiteElo "2596"]
[BlackElo "2332"]
[PlyCount "46"]
[EventDate "2003.??.??"]
[EventType "tourn (corr)"]
[EventRounds "12"]
[SourceTitle "Corr 2008"]
[Source "ChessBase"]
[SourceDate "2008.06.24"]
[SourceVersion "1"]
[SourceVersionDate "2008.06.24"]
[SourceQuality "1"]

1. e4 c5 2. Nf3 Nc6 3. d4 cxd4 4. Nxd4 Nf6 5. Nc3 e5 6. Ndb5 d6 7. Nd5 Nxd5 8. exd5 Nb8 9. c4 Be7 10. Bd3 a6 11. Nc3 0-0 12. 0-0 f5 13. f3 Nd7 14. Kh1 Bg5 15. b4 b6 16. Bxg5 Qxg5 17. Qc1 Qh4 18. Qe1 Qf4 19. Qc1 Qh4 20. Qe1 Qf4 21. Rd1 Rf6 22. g3 Qh6 23. Qd2 Qxd2 1/2-1/2

[Event "CFriend AR-2003-Q-00001 email"]
[Site "Chessfriend.com"]
[Date "2003.12.03"]
[Round "1"]
[White "Morgado, Juan Sebastian"]
[Black "Thompson, Brian"]
[Result "1-0"]
[WhiteElo "2596"]
[BlackElo "1876"]
[PlyCount "57"]
[EventDate "2003.??.??"]
[EventType "tourn (corr)"]
[EventRounds "12"]
[SourceTitle "Corr 2008"]
[Source "ChessBase"]
[SourceDate "2008.06.24"]
[SourceVersion "1"]
[SourceVersionDate "2008.06.24"]
[SourceQuality "1"]

1. e4 c5 2. Nf3 d6 3. d4 cxd4 4. Nxd4 Nf6 5. Nc3 g6 6. Be3 Bg7 7. f3 0-0 8. Qd2 Nc6 9. Bc4 Bd7 10. 0-0-0 Ne5 11. Bb3 Qa5 12. Kb1 Rfc8 13. h4 Nc4 14. Bxc4 Rxc4 15. Nb3 Qc7 16. Bd4 Be6 17. h5 a5 18. hxg6 hxg6 19. a4 b5 20. Nxb5 Qb8 21. Be3 Rxa4 22. N5d4 Bd7 23. Bh6 Bh8 24. Nf5 Bxf5 25. exf5 Rb4 26. fxg6 fxg6 27. Qd3 Kf7 28. Bd2 Rb5 29. Rxh8 1-0

[Event "CFriend AR-2003-Q-00001 email"]
[Site "Chessfriend.com"]
[Date "2003.12.03"]
[Round "1"]
[White "Paetzold, Ortwin"]
[Black "Morgado, Juan Sebastian"]
[Result "0-1"]
[WhiteElo "1895"]
[BlackElo "2596"]
[PlyCount "76"]
[EventDate "2003.??.??"]
[EventType "tourn (corr)"]
[EventRounds "12"]
[SourceTitle "Corr 2008"]
[Source "ChessBase"]
[SourceDate "2008.06.24"]
[SourceVersion "1"]
[SourceVersionDate "2008.06.24"]
[SourceQuality "1"]

1. e4 Nf6 2. e5 Nd5 3. c4 Nb6 4. d4 d6 5. exd6 exd6 6. Nc3 Be7 7. Bd3 0-0 8. Nge2 Nc6 9. 0-0 Bf6 10. c5 dxc5 11. dxc5 Nd7 12. Qc2 g6 13. Nd5 Bg7 14. Bb5 a6 15. Bxc6 bxc6 16. Nb4 Ne5 17. Bf4 Bf5 18. Qa4 Qh4 19. Bg3 Qc4 20. Nc3 Qxc5 21. Bxe5 Bxe5 22. Rac1 Rae8 23. Nxc6 Bd7 24. Ne4 Qb6 25. Rfd1 Bxb2 26. Rxd7 Bxc1 27. Nf6+ Kg7 28. Nxe8+ Rxe8 29. Rd1 Bb2 30. Qc2 Bf6 31. Rc1 Re6 32. a4 Bb2 33. Nd8 Re8 34. Rd1 c5 35. Qb1 c4 36. a5 Qb3 37. Nc6 Rc8 38. Ne7 c3 0-1

[Event "CFriend AC-2003-Q-00002 email"]
[Site "Chessfriend.com"]
[Date "2003.07.01"]
[Round "?"]
[White "Baumann, Ralf Ruediger"]
[Black "Morgado, Juan Sebastian"]
[Result "1-0"]
[WhiteElo "2181"]
[BlackElo "2664"]
[PlyCount "91"]
[EventDate "2003.07.01"]
[EventType "tourn (corr)"]
[EventRounds "10"]
[SourceTitle "Corr 2008"]
[Source "ChessBase"]
[SourceDate "2008.06.24"]
[SourceVersion "1"]
[SourceVersionDate "2008.06.24"]
[SourceQuality "1"]

1. d4 Nf6 2. Bf4 d6 3. e3 Nbd7 4. Nf3 Nh5 5. Bg5 h6 6. Bh4 g5 7. Bg3 Bg7 8. Bd3 e6 9. c3 b6 10. Qe2 Bb7 11. Nbd2 g4 12. Nh4 Qg5 13. Ne4 Bxe4 14. Bxe4 d5 15. Bd3 c6 16. 0-0-0 Bf6 17. Qc2 Kd8 18. f4 gxf3 19. Bf2 fxg2 20. Rhg1 Qg8 21. Rxg2 Qf8 22. Qe2 Ng7 23. e4 Qe7 24. Nf3 Qf8 25. Rdg1 Ne8 26. Kb1 Be7 27. Bg3 Nd6 28. Ne5 Kc7 29. exd5 cxd5 30. Rf1 Nxe5 31. Bxe5 Rg8 32. Rgf2 f5 33. Bxd6+ Bxd6 34. Qxe6 f4 35. Qxd5 Rg5 36. Qc4+ Kd7 37. Re1 Re8 38. Rxe8 Qxe8 39. Re2 Qf8 40. Qa4+ Kd8 41. Qxa7 f3 42. Rf2 Rg1+ 43. Kc2 Qe7 44. Qxb6+ Bc7 45. Qxh6 Qf7 46. Qh4+ 1-0

[Event "CFriend AC-2003-Q-00002 email"]
[Site "Chessfriend.com"]
[Date "2003.07.01"]
[Round "?"]
[White "Figlio, Gino Franco"]
[Black "Morgado, Juan Sebastian"]
[Result "0-1"]
[WhiteElo "2226"]
[BlackElo "2634"]
[PlyCount "53"]
[EventDate "2003.07.01"]
[EventType "tourn (corr)"]
[EventRounds "10"]
[SourceTitle "Corr 2008"]
[Source "ChessBase"]
[SourceDate "2008.06.24"]
[SourceVersion "1"]
[SourceVersionDate "2008.06.24"]
[SourceQuality "1"]

1. e4 g6 2. d4 d6 3. h4 Nf6 4. Nc3 c6 5. Be2 Bg7 6. Be3 h5 7. Qd2 Qa5 8. f3 Na6 9. Nh3 Bxh3 10. Rxh3 0-0-0 11. a3 Nd7 12. Rh1 c5 13. 0-0-0 Nc7 14. Bc4 e6 15. Qe2 a6 16. dxc5 dxc5 17. Bd2 Qb6 18. f4 Bd4 19. e5 f6 20. exf6 Nxf6 21. Rhe1 Nfd5 22. Qe4 Kb8 23. g3 Bf2 24. Rh1 Bd4 25. Rhe1 Rd7 26. Qd3 Rhd8 27. Qf3 0-1

[Event "CFriend AC-2003-Q-00002 email"]
[Site "Chessfriend.com"]
[Date "2003.07.01"]
[Round "1"]
[White "Morgado, Juan Sebastian"]
[Black "Parnenzini, Pedro Alfonso"]
[Result "1/2-1/2"]
[WhiteElo "2563"]
[BlackElo "2335"]
[PlyCount "58"]
[EventDate "2003.07.01"]
[EventType "tourn (corr)"]
[EventRounds "10"]
[SourceTitle "Corr 2024"]
[Source "ChessBase"]
[SourceDate "2023.10.19"]
[SourceVersion "1"]
[SourceVersionDate "2023.10.19"]
[SourceQuality "1"]

1. Nf3 Nf6 2. c4 c5 3. Nc3 Nc6 4. g3 g6 5. Bg2 Bg7 6. 0-0 0-0 7. d4 cxd4 8. Nxd4 Nxd4 9. Qxd4 d6 10. Qd2 Be6 11. Bxb7 Rb8 12. Bf3 Bxc4 13. Qe3 Qd7 14. b3 Nd5 15. Nxd5 Bxd5 16. Rb1 Bxf3 17. Qxf3 Rfc8 18. Bb2 Rc2 19. Bxg7 Kxg7 20. Rb2 Rbc8 21. Rxc2 Rxc2 22. a4 Qe6 23. e4 Qe5 24. Rd1 Rc3 25. Rd3 Rc1+ 26. Kg2 Re1 27. Re3 Rc1 28. Rd3 Re1 29. Re3 Rc1 1/2-1/2